000 00576ntaaa2200193 4500
003 01
005 20251027202242.0
008 0714s1973 ag 01
040 _aAR-BaBN
_bspa
_cAR-BaBN
_eaacr
_dRIC
082 _a268.1400 M22fa
100 _aMcMurray, Maria H. de
245 _aFuego en mi ser
250 _a1 ed.
260 _aEl Paso :
_bCasa Bautista de Publicaciones,
_c1973
300 _a20 p
500 _aEscuela bíblica de vacaciones. Libro de alumno. Intermedios A.Ej. 2 (30304) perdido y pagado 8/77
650 _aescuela bíblica de vacaciones
942 _cBK
999 _c17271
_d17271